000 00697nam a2200205Ia 4500
003 GCL
008 140319s9999 xx 000 0 ara d
040 _aGCL /
_cGCL
082 0 4 _a823.03
_bم م
100 1 _aسامى الجندى (ترجمة)
245 1 0 _aمائة عام من العزلة /
_cسامى الجندى (ترجمة)
700 1 _aانعام الجندى
700 1 _aسامى الجندى
700 1 _aماركيز ، جابرييل جارسيا
300 _a344 ص
490 _aالهيئة العامة للاستعلامات
_v0
650 0 4 _aالقصص الامريكية المترجمة
650 0 4 _aالادب الامريكى المترجم
942 _2ddc
_cBK
999 _c47365
_d47365